[Event "Esfahan Zenderood op 3rd"]
[Site "Esfahan"]
[Date "2011.09.07"]
[Round "8"]
[White "Moghaddamian A, A Sharghi"]
[Black "Rostami, Taha"]
[Result "1-0"]
[WhiteElo "2237"]
[BlackElo "1976"]
[PlyCount "67"]
[EventDate "2011.09.02"]
[EventType "swiss"]
[EventRounds "9"]
[EventCountry "IRI"]
[SourceTitle "CBM 144 Extra"]
[Source "ChessBase"]
[SourceDate "2011.10.28"]
[SourceVersion "1"]
[SourceVersionDate "2011.10.28"]
[SourceQuality "1"]

1. Nc3 c5 2. e4 Nc6 3. Nf3 g6 4. g3 Bg7 5. Bg2 Nf6 6. 0-0 0-0 7. d3 d6 8. h3 Rb8 9. Be3 Nd7 10. Qd2 Re8 11. d4 cxd4 12. Nxd4 Nde5 13. b3 Bxh3 14. Nxc6 bxc6 15. Bxa7 Qa5 16. Bxb8 Nf3+ 17. Bxf3 Bxc3 18. Bc7 Qe5 19. Qh6 Bxf1 20. Rxf1 Bd4 21. Kg2 Rc8 22. Bxd6 exd6 23. Rh1 Qg7 24. Qxg7+ Kxg7 25. Rd1 c5 26. Be2 Re8 27. Kf3 h5 28. a4 Kf8 29. a5 Ke7 30. a6 Rb8 31. Bc4 Ra8 32. b4 Bc3 33. b5 Ba5 34. Bd5 1-0

[Event "IRI-ch"]
[Site "Tabriz"]
[Date "2011.01.07"]
[Round "9"]
[White "Moghaddamian A, A Sharghi"]
[Black "Golizadeh, Asghar"]
[Result "0-1"]
[WhiteElo "2202"]
[BlackElo "2504"]
[PlyCount "88"]
[EventDate "2011.01.01"]
[EventType "swiss"]
[EventRounds "11"]
[EventCountry "IRI"]
[SourceTitle "CBM 140 Extra"]
[Source "ChessBase"]
[SourceDate "2011.03.01"]
[SourceVersion "1"]
[SourceVersionDate "2011.03.01"]
[SourceQuality "1"]

1. e4 c5 2. Nf3 Nc6 3. d3 g6 4. g3 Bg7 5. Bg2 e6 6. 0-0 Nge7 7. c3 d5 8. Qe2 b5 9. Be3 Qd6 10. Re1 Bb7 11. e5 Qc7 12. Bxc5 Nxe5 13. d4 Nxf3+ 14. Bxf3 Bc6 15. Nd2 0-0 16. Bg4 Rfe8 17. f4 Nf5 18. Nf3 Nd6 19. Bxd6 Qxd6 20. Ne5 Rab8 21. Nd3 b4 22. Nc5 bxc3 23. bxc3 Bb5 24. Qe3 Qc6 25. Rab1 Rb6 26. a4 Bc4 27. Rb4 Bf8 28. Bf3 Qc7 29. a5 Rb5 30. Rxb5 Bxb5 31. Nb3 Rc8 32. f5 exf5 33. Bxd5 Qxc3 34. Bxf7+ Kxf7 35. Qe6+ Kg7 36. Rc1 Re8 37. Qxg6+ hxg6 38. Rxc3 Bd6 39. Nc5 Re1+ 40. Kf2 Ra1 41. Nb7 Be7 42. Rc7 Kf6 43. Ke3 Ra3+ 44. Kf2 Rd3 0-1

[Event "IRI-ch"]
[Site "Tabriz"]
[Date "2011.01.04"]
[Round "5"]
[White "Moghaddamian A, A Sharghi"]
[Black "Roghani, Arash"]
[Result "1/2-1/2"]
[WhiteElo "2202"]
[BlackElo "2374"]
[PlyCount "138"]
[EventDate "2011.01.01"]
[EventType "swiss"]
[EventRounds "11"]
[EventCountry "IRI"]
[SourceTitle "CBM 140 Extra"]
[Source "ChessBase"]
[SourceDate "2011.03.01"]
[SourceVersion "1"]
[SourceVersionDate "2011.03.01"]
[SourceQuality "1"]

1. e4 e6 2. d4 d5 3. Nd2 Nf6 4. Bd3 c5 5. e5 Nfd7 6. c3 cxd4 7. cxd4 Nc6 8. Ngf3 f6 9. exf6 Nxf6 10. 0-0 Bd6 11. Nb3 0-0 12. Bg5 e5 13. dxe5 Nxe5 14. Nxe5 Bxe5 15. Qd2 a5 16. Rfe1 Qd6 17. f4 Qb6+ 18. Kh1 Bd6 19. Bxf6 Rxf6 20. Re8+ Rf8 21. Rxf8+ Bxf8 22. Nd4 Bd7 23. Nf3 Rd8 24. a3 Bb5 25. Bxb5 Qxb5 26. Nd4 Qb6 27. f5 Rc8 28. Rd1 Qf6 29. g4 Rc4 30. b3 Rc5 31. Ne6 Qc3 32. Qxc3 Rxc3 33. Rxd5 Bxa3 34. Rb5 g6 35. Rxb7 gxf5 36. gxf5 h6 37. Kg2 Re3 38. Rg7+ Kh8 39. Rg3 Re2+ 40. Kg1 Bd6 41. Rh3 Kh7 42. Ng5+ Kg7 43. Ne6+ Kh7 44. Kf1 Rxh2 45. Rd3 Be5 46. Rd5 Bc3 47. Rc5 Rh3 48. Kg2 Re3 49. Rc7+ Kh8 50. Kf2 Rh3 51. Ke2 Bf6 52. Rb7 h5 53. Rf7 Bb2 54. Rf8+ Kh7 55. Ng5+ Kg7 56. Nxh3 Kxf8 57. Nf4 h4 58. Ng6+ Kf7 59. Nxh4 Kf6 60. Kd3 Kg5 61. Ng2 Kxf5 62. Ne3+ Ke6 63. Nc4 a4 64. bxa4 Bf6 65. Ke4 Bh4 66. a5 Bf2 67. a6 Kd7 68. Kd5 Kc7 69. a7 Bxa7 1/2-1/2

[Event "IRI-ch"]
[Site "Tabriz"]
[Date "2011.01.03"]
[Round "4"]
[White "Mahjoob, Morteza"]
[Black "Moghaddamian A, A Sharghi"]
[Result "0-1"]
[WhiteElo "2519"]
[BlackElo "2202"]
[PlyCount "96"]
[EventDate "2011.01.01"]
[EventType "swiss"]
[EventRounds "11"]
[EventCountry "IRI"]
[SourceTitle "CBM 140 Extra"]
[Source "ChessBase"]
[SourceDate "2011.03.01"]
[SourceVersion "1"]
[SourceVersionDate "2011.03.01"]
[SourceQuality "1"]

1. Nf3 Nf6 2. c4 g6 3. Nc3 Bg7 4. e4 d6 5. d4 0-0 6. Be2 Nc6 7. 0-0 e5 8. d5 Ne7 9. b4 Nh5 10. Re1 Nf4 11. Bf1 f5 12. a4 a5 13. bxa5 Rxa5 14. Ra3 h6 15. Nd2 g5 16. g3 Nfg6 17. exf5 Bxf5 18. Nce4 b6 19. Nb3 Ra7 20. a5 Qa8 21. Nc3 Bd7 22. Ne4 Bf5 23. Bd2 Qc8 24. Ra1 Bg4 25. Be2 Bxe2 26. Qxe2 bxa5 27. Rxa5 Rb7 28. Ra3 Qh3 29. Qf1 Qg4 30. h3 Qd7 31. Bc3 Kh7 32. Nbd2 Nf5 33. Qe2 Nd4 34. Bxd4 exd4 35. Nxg5+ hxg5 36. Qh5+ Bh6 37. Re6 Qg7 38. Ne4 Ne5 39. Rxh6+ Kg8 40. Ra8 Rxa8 41. Nf6+ Kf8 42. Rh8+ Ke7 43. Rxa8 Kxf6 44. Qe8 Qf7 45. Qg8 Qg7 46. Qd8+ Kg6 47. Ra1 d3 48. Rf1 d2 0-1

[Event "IRI-ch"]
[Site "Tabriz"]
[Date "2011.01.02"]
[Round "2"]
[White "Moghaddamian A, A Sharghi"]
[Black "Soozankar, Amir Mohammad"]
[Result "1-0"]
[WhiteElo "2202"]
[BlackElo "2281"]
[PlyCount "99"]
[EventDate "2011.01.01"]
[EventType "swiss"]
[EventRounds "11"]
[EventCountry "IRI"]
[SourceTitle "CBM 140 Extra"]
[Source "ChessBase"]
[SourceDate "2011.03.01"]
[SourceVersion "1"]
[SourceVersionDate "2011.03.01"]
[SourceQuality "1"]

1. e4 c5 2. Nf3 d6 3. d4 cxd4 4. Nxd4 Nf6 5. Nc3 g6 6. Be3 Bg7 7. f3 0-0 8. Bc4 Nc6 9. Qd2 Bd7 10. 0-0-0 Qa5 11. g4 Rfc8 12. Bb3 Ne5 13. h4 Nc4 14. Bxc4 Rxc4 15. Nb3 Qa6 16. e5 Nxg4 17. fxg4 Bxg4 18. Rdg1 dxe5 19. h5 gxh5 20. Qg2 Qc6 21. Qf2 a5 22. Nd2 Rxc3 23. bxc3 Qxc3 24. Nb1 Qc6 25. Qh4 Rc8 26. Rh2 Qe4 27. Re1 Qb4 28. a3 Qd6 29. Rd2 Qe6 30. Qh1 e4 31. Qf1 Qa2 32. Qb5 Qa1 33. Qb6 Bc3 34. Rd8+ Rxd8 35. Qxd8+ Kg7 36. Qb6 Bf6 37. Rg1 Qe5 38. Qxb7 Kg6 39. Qb6 e6 40. a4 Be7 41. Qb5 Qc7 42. Bd4 Bg5+ 43. Kb2 f6 44. Nc3 e5 45. Bb6 Qc8 46. Nd5 Qe6 47. Bxa5 h4 48. Bb4 h3 49. Rxg4 Qxg4 50. Qe8+ 1-0

[Event "Fajr op 16th"]
[Site "Urmia"]
[Date "2008.02.07"]
[Round "9"]
[White "Moghaddamian A, A Sharghi"]
[Black "Zeynalov, Farid"]
[Result "0-1"]
[WhiteElo "2122"]
[BlackElo "2269"]
[PlyCount "61"]
[EventDate "2008.02.03"]
[EventType "swiss"]
[EventRounds "11"]
[EventCountry "IRI"]
[SourceTitle "CBM 122 Extra"]
[Source "ChessBase"]
[SourceDate "2008.03.04"]
[SourceVersion "1"]
[SourceVersionDate "2008.03.04"]
[SourceQuality "1"]

1. Nc3 d5 2. e4 d4 3. Nce2 e5 4. Ng3 Be6 5. Nf3 Nd7 6. Bb5 c6 7. Ba4 Nc5 8. Bb3 Nxb3 9. axb3 f6 10. d3 g6 11. 0-0 Bg7 12. Nd2 Ne7 13. Nc4 a5 14. f4 exf4 15. Bxf4 0-0 16. Bd6 Rf7 17. Bc5 Nc8 18. c3 b5 19. Na3 dxc3 20. bxc3 Nd6 21. Ne2 Nb7 22. Be3 Bxb3 23. Qxb3 Qxd3 24. Kf2 Nd6 25. Ng3 f5 26. exf5 Re8 27. Bc5 Bxc3 28. Qd1 Ne4+ 29. Nxe4 Qxe4 30. Kg1 Bxa1 31. Qxa1 0-1

[Event "IRI-ch sf"]
[Site "Tehran"]
[Date "2005.08.09"]
[Round "7"]
[White "Sheikhi, Mohammad"]
[Black "Moghaddamian A, A Sharghi"]
[Result "0-1"]
[WhiteElo "2211"]
[BlackElo "2189"]
[PlyCount "41"]
[EventDate "2005.08.03"]
[EventType "swiss"]
[EventRounds "9"]
[EventCountry "IRI"]
[SourceTitle "EXT 2006"]
[Source "ChessBase"]
[SourceDate "2005.11.24"]
[SourceVersion "1"]
[SourceVersionDate "2005.11.24"]
[SourceQuality "1"]

1. e4 e5 2. Nf3 Nc6 3. Bb5 a6 4. Ba4 Bc5 5. 0-0 b5 6. Bb3 Nf6 7. d4 exd4 8. e5 Ng4 9. h3 h5 10. Bg5 Be7 11. Bxe7 Qxe7 12. Re1 Bb7 13. c3 d3 14. a4 0-0-0 15. axb5 axb5 16. Qxd3 Qc5 17. hxg4 hxg4 18. Nd4 Nxe5 19. Qxb5 Qxb5 20. Nxb5 Nf3+ 21. gxf3 0-1

[Event "IRI-ch sf"]
[Site "Tehran"]
[Date "2005.08.08"]
[Round "6"]
[White "Moghaddamian A, A Sharghi"]
[Black "Mirzajani, Reza"]
[Result "0-1"]
[WhiteElo "2189"]
[BlackElo "2102"]
[PlyCount "66"]
[EventDate "2005.08.03"]
[EventType "swiss"]
[EventRounds "9"]
[EventCountry "IRI"]
[SourceTitle "EXT 2006"]
[Source "ChessBase"]
[SourceDate "2005.11.24"]
[SourceVersion "1"]
[SourceVersionDate "2005.11.24"]
[SourceQuality "1"]

1. e4 c5 2. Nf3 d6 3. d4 cxd4 4. Nxd4 Nf6 5. Nc3 a6 6. Bc4 e6 7. Qe2 Nc6 8. Be3 Be7 9. 0-0-0 Qc7 10. Rhg1 b5 11. Bb3 Na5 12. Kb1 Nxb3 13. axb3 Bb7 14. f3 d5 15. Rc1 Qb8 16. exd5 Nxd5 17. Nxd5 Bxd5 18. g4 Qb7 19. g5 e5 20. Nf5 Bxf3 21. Qf2 Qe4 22. Ka1 Qxf5 23. Bc5 Rc8 24. Bxe7 Kxe7 25. Rce1 e4 26. Rgf1 Rhd8 27. g6 Kf8 28. gxh7 Qxh7 29. h3 Qh6 30. Ka2 Rd2 31. Qa7 Qf6 32. Rb1 Kg8 33. h4 Rcxc2 0-1

[Event "Fajr op 13th"]
[Site "Tehran"]
[Date "2005.01.31"]
[Round "7"]
[White "Aliev, Kerim"]
[Black "Moghaddamian A, A Sharghi"]
[Result "1/2-1/2"]
[WhiteElo "2332"]
[BlackElo "2194"]
[PlyCount "69"]
[EventDate "2005.01.04"]
[EventType "swiss"]
[EventRounds "9"]
[EventCountry "IRI"]
[SourceTitle "CBM 104 Extra"]
[Source "ChessBase"]
[SourceDate "2005.03.01"]
[SourceVersion "1"]
[SourceVersionDate "2005.03.01"]
[SourceQuality "1"]

1. d4 c5 2. c3 e6 3. Nf3 b6 4. Bf4 Bb7 5. e3 Nf6 6. Be2 Be7 7. h3 0-0 8. 0-0 d6 9. a4 Nc6 10. Nbd2 Qc7 11. Nc4 Rfd8 12. Qb1 Rac8 13. Rc1 Ba6 14. b4 Bxc4 15. Bxc4 Qb7 16. bxc5 dxc5 17. a5 cxd4 18. axb6 Qxb6 19. Ba6 dxe3 20. Qxb6 axb6 21. Bxc8 exf2+ 22. Kxf2 Rxc8 23. Be3 Nd5 24. c4 Nxe3 25. Kxe3 f5 26. g4 Na5 27. Ra4 Bc5+ 28. Ke2 g6 29. Rd1 Rc7 30. Rd8+ Kg7 31. Ne5 Kf6 32. Rd7 Rc8 33. Nf3 h6 34. Nd2 e5 35. Nb1 1/2-1/2